<?xml version="1.0" encoding="UTF-8"?>
<record
    xmlns:xsi="http://www.w3.org/2001/XMLSchema-instance"
    xsi:schemaLocation="http://www.loc.gov/MARC21/slim http://www.loc.gov/standards/marcxml/schema/MARC21slim.xsd"
    xmlns="http://www.loc.gov/MARC21/slim">

  <leader>03438nam a2200337 a 4500</leader>
  <controlfield tag="003">OSt</controlfield>
  <controlfield tag="005">20250912084847.0</controlfield>
  <controlfield tag="007">cr ||||||a|a|a</controlfield>
  <controlfield tag="008">250815s2025    mx a|||fom||| 001 0 spa d</controlfield>
  <datafield tag="040" ind1=" " ind2=" ">
    <subfield code="e">rda</subfield>
  </datafield>
  <datafield tag="100" ind1="1" ind2=" ">
    <subfield code="a">Jaimes Gonz&#xE1;lez, Belem</subfield>
    <subfield code="9">190946</subfield>
  </datafield>
  <datafield tag="245" ind1="1" ind2="0">
    <subfield code="a">Estudio del efecto de la labranza en el banco de semillas de malezas en un experimento a largo plazo en Chapingo, M&#xE9;xico /</subfield>
    <subfield code="c">por Belem Jaimes Gonz&#xE1;lez y Mar&#xED;a Eleazar S&#xE1;nchez Rubio; director de tesis  Juan Lorenzo Medina Pital&#xFA;a; secretario Guillermo Mondragon Pedrero; vocal Joel Perez Nieto; suplente Jose Alfredo Dominguez Valenzuela; suplente Candelario Palma Bautista.</subfield>
  </datafield>
  <datafield tag="264" ind1=" " ind2="1">
    <subfield code="a">Chapingo, M&#xE9;xico :</subfield>
    <subfield code="b">El autor,</subfield>
    <subfield code="c">2025.</subfield>
  </datafield>
  <datafield tag="300" ind1=" " ind2=" ">
    <subfield code="a">1 recurso en l&#xED;nea (72 p&#xE1;ginas):</subfield>
    <subfield code="b">cuadros, figuras.</subfield>
  </datafield>
  <datafield tag="336" ind1=" " ind2=" ">
    <subfield code="2">rdacontent</subfield>
    <subfield code="a">texto</subfield>
    <subfield code="b">txt</subfield>
  </datafield>
  <datafield tag="337" ind1=" " ind2=" ">
    <subfield code="2">rdamedia</subfield>
    <subfield code="a">computadora</subfield>
    <subfield code="b">c</subfield>
  </datafield>
  <datafield tag="338" ind1=" " ind2=" ">
    <subfield code="2">rdacarrier</subfield>
    <subfield code="a">recurso en l&#xED;nea</subfield>
    <subfield code="b">cr</subfield>
  </datafield>
  <datafield tag="502" ind1=" " ind2=" ">
    <subfield code="b">IAEPA</subfield>
    <subfield code="c">Parasitolog&#xED;a</subfield>
    <subfield code="d">2025.</subfield>
    <subfield code="g">LIC</subfield>
  </datafield>
  <datafield tag="504" ind1=" " ind2=" ">
    <subfield code="a">Incluye referencias bibliogr&#xE1;ficas: 61-68 p&#xE1;ginas.</subfield>
  </datafield>
  <datafield tag="520" ind1=" " ind2=" ">
    <subfield code="a">El principal objetivo de esta investigaci&#xF3;n fue estudiar el efecto de la labranza sobre el banco de semillas de malezas en el suelo. El estudio se realiz&#xF3; en el lote SM-18 (&#x201C;San Martin&#x201D;) del Campo Agr&#xED;cola Experimental, de la Universidad Aut&#xF3;noma Chapingo en el a&#xF1;o 2023. El lote alberga un experimento en su vig&#xE9;simo quinto a&#xF1;o del establecimiento, donde se comparan tres sistemas de labranza: convencional, m&#xED;nima y cero, distribuidos en bloques al azar con tres repeticiones. El muestreo se realiz&#xF3; mediante el m&#xE9;todo &#x201C;Cinco de Oro&#x201D;, utilizando una superficie de 100 cm2 (10cm x 10 cm) por muestra. En cada punto de muestreo, se colectaron dos muestras de suelo, correspondientes a dos estratos: de 0-10 cm y 10-20 cm de profundidad, empleando una pala recta de 10cm de ancho y una barra de metal. La separaci&#xF3;n de semillas se realiz&#xF3; por la t&#xE9;cnica de flotaci&#xF3;n con el embudo de Fenwick, posteriormente se identificaron y cuantificaron. El an&#xE1;lisis estad&#xED;stico se realiz&#xF3; en arreglo factorial. Se registraron 27 especies de malezas, observ&#xE1;ndose variaciones poblacionales en el banco de semillas, entre los cuales incluyen: la desaparici&#xF3;n de especies previamente reportadas, identificaci&#xF3;n de especies no reportadas antes del estudio de 2023, cambio en las especies dominantes, entre otros, influenciados por la labranza, que redistribuye las semillas verticalmente entre estratos. La labranza cero present&#xF3; la mayor densidad de semillas de maleza, particularmente en el estrato 0-10 cm, mientras que, en los sistemas con remoci&#xF3;n de suelo, labranza m&#xED;nima y labranza convencional, no se observaron diferencias significativas en las densidades de semillas con respecto a los estratos de muestreo.</subfield>
  </datafield>
  <datafield tag="650" ind1=" " ind2="4">
    <subfield code="a">Malas hierbas</subfield>
    <subfield code="x">Control</subfield>
    <subfield code="9">70011</subfield>
  </datafield>
  <datafield tag="650" ind1=" " ind2="4">
    <subfield code="a">Labranza</subfield>
    <subfield code="x">Efecto en malas hierbas</subfield>
    <subfield code="9">191185</subfield>
  </datafield>
  <datafield tag="700" ind1="1" ind2=" ">
    <subfield code="a">S&#xE1;nchez Rubio, Mar&#xED;a Eleazar</subfield>
    <subfield code="9">190947</subfield>
  </datafield>
  <datafield tag="700" ind1="1" ind2=" ">
    <subfield code="a">Medina Pital&#xFA;a, Juan Lorenzo</subfield>
    <subfield code="9">74013</subfield>
    <subfield code="e">director.</subfield>
  </datafield>
  <datafield tag="700" ind1="1" ind2=" ">
    <subfield code="a">Mondrag&#xF3;n Pedrero, Guillermo</subfield>
    <subfield code="9">77486</subfield>
    <subfield code="e">secretario.</subfield>
  </datafield>
  <datafield tag="700" ind1="1" ind2=" ">
    <subfield code="a">P&#xE9;rez Nieto, Joel</subfield>
    <subfield code="9">89883</subfield>
    <subfield code="e">vocal.</subfield>
  </datafield>
  <datafield tag="700" ind1="1" ind2=" ">
    <subfield code="a">Dom&#xED;nguez Valenzuela, Jos&#xE9; Alfredo</subfield>
    <subfield code="9">33907</subfield>
    <subfield code="e">suplente.</subfield>
  </datafield>
  <datafield tag="700" ind1="1" ind2=" ">
    <subfield code="a">Palma Bautista, Candelario</subfield>
    <subfield code="9">134013</subfield>
    <subfield code="e">suplente.</subfield>
  </datafield>
  <datafield tag="856" ind1=" " ind2=" ">
    <subfield code="u">http://10.13.5.2/tesis/tl/1511214-8_Y_1712474-8_JAIMES_GONZALEZ_BELEM_Y_SANCHEZ_RUBIO_MARIAELEAZAR.pdf</subfield>
    <subfield code="z">DESCARGAR PDF</subfield>
  </datafield>
  <datafield tag="942" ind1=" " ind2=" ">
    <subfield code="2">Clasificaci&#xF3;n Universidad Aut&#xF3;noma Chapingo</subfield>
    <subfield code="c">TD</subfield>
  </datafield>
  <datafield tag="999" ind1=" " ind2=" ">
    <subfield code="c">220817</subfield>
    <subfield code="d">220817</subfield>
  </datafield>
  <datafield tag="952" ind1=" " ind2=" ">
    <subfield code="0">0</subfield>
    <subfield code="1">0</subfield>
    <subfield code="2">local</subfield>
    <subfield code="4">0</subfield>
    <subfield code="5">1</subfield>
    <subfield code="7">0</subfield>
    <subfield code="8">TesDigL</subfield>
    <subfield code="a">BD</subfield>
    <subfield code="b">BD</subfield>
    <subfield code="c">E_L</subfield>
    <subfield code="d">2025-08-15</subfield>
    <subfield code="l">0</subfield>
    <subfield code="o">Tesis digital</subfield>
    <subfield code="r">2025-08-15 13:32:39</subfield>
    <subfield code="w">2025-08-15</subfield>
    <subfield code="y">TD</subfield>
  </datafield>
</record>
